Antropología del desarrollo : teorías y estudios etnográficos en América Latina /

La presente recopilación de atículos pretende ofrecer una visiós global de la aportación de la antropología a la comprensión de las implicaciones socioculturales de las políticas y los proyectos de desarrollo. En las páginas de esta obra se presenta al lector hispanohablante una muestra de las princ...

Full description

Bibliographic Details
Other Authors: Viola, Andreu, comp
Format: Libro
Language:Spanish
Published: Barcelona Paidós 2000
Series:Paidós studio 137
Subjects:
Online Access:

MARC

LEADER 00000cam a2200000 a 4500
001 005502
003 UAHC_CL
005 20170803120137.0
008 051116b2000 sp 000 spa
020 |a 8449308100 
040 |a UAHC_CL  |c UAHC_CL  |d UAHC_CL 
245 1 0 |a Antropología del desarrollo :  |b teorías y estudios etnográficos en América Latina /  |c Andreu Viola compilador. 
260 |b Paidós  |c 2000  |a Barcelona 
300 |a 383 p. 
490 0 |a Paidós studio  |v 137 
520 |a La presente recopilación de atículos pretende ofrecer una visiós global de la aportación de la antropología a la comprensión de las implicaciones socioculturales de las políticas y los proyectos de desarrollo. En las páginas de esta obra se presenta al lector hispanohablante una muestra de las principales líneas de investigación seguidas por la antropología del desarrollo, abarcando paradigmas teóricos tan diversos como el post-estructuralismo y la economía política, y comprendiendo tantoestudios teóricos sobre el propio concepto de desarrollo y su articulación con la diversidad cultural, como estudios etnográficos sobre distintos países latinoamericanos, centrados en esferas específicas como la ecología, las relaciones de género, la salud y el desarrollo rural, a cargo de diferentes especialistas europeos, latinoamericanos y estadounidenses. 
521 |a Antropología aplicada 
650 4 |a ETNOGRAFIA 
650 4 |a ANTROPOLOGIA CULTURAL Y SOCIAL  |z AMERICA LATINA 
653 |a ANTROPOLOGIA 
658 |a Bahamondes, Miguel 
700 1 |a Viola, Andreu, comp. 
900 |a 305.8 ANT 
942 |c BK 
952 |0 0  |1 0  |4 0  |6 305_800000000000000_ANT  |7 0  |8 General  |9 11958  |a BC  |b BC  |c General  |d 2017-08-03  |l 0  |o 305.8 ANT  |p 1351256  |r 2026-01-14 00:00:00  |t 1  |w 2017-08-03  |y BK 
952 |0 0  |1 0  |4 0  |6 305_800000000000000_ANT  |7 0  |8 General  |9 11959  |a BC  |b BC  |c General  |d 2017-08-03  |l 2  |m 3  |o 305.8 ANT  |p 1378234  |r 2026-01-13 00:00:00  |s 2018-04-25  |t 2  |w 2017-08-03  |x Rayado con lápiz mina  |y BK 
999 |c 5502  |d 5502